| 000 | 01120nam0a22002531 4500 | ||
|---|---|---|---|
| 001 | rc\3411275 | ||
| 005 | 20250609231951.0 | ||
| 035 | _a(NLR Aleph) 007552049 | ||
| 090 |
_a5211982 _c5211982 |
||
| 100 | _a20130115d1972 |||y0rusy50 ca | ||
| 101 | 0 | _arus | |
| 102 | _aRU | ||
| 105 | _ay b ||||| | ||
| 200 | 1 |
_aАнализ материалов дорожно-транспортного дела _e(Метод. пособие для адвокатов) _fМоск. обществ. науч.-исслед. ин-т судебной защиты и усовершенствования адвокатов при Президиумах Моск. гор. и обл. коллегий адвокатов |
|
| 210 |
_aМосква _cБ. и. _d1972 |
||
| 215 |
_a50 с. _d21 |
||
| 333 | _aДля служебного пользования. Экз. № 4 | ||
| 700 | 1 |
_7ca _8rus _aРабинович _bП. С. _cюрист _f1924- _gПетр Самойлович _9224592 _3RU\NLR\AUTH\770224648 |
|
| 801 | 0 |
_aRU _bNLR _gpsbo |
|
| 801 | 1 |
_aRU _bELAR _2rusmarc |
|
| 852 |
_aNLR _j72-50К/5600 |
||
| 942 | _cBOOK | ||
| 980 | _aNB | ||